zpět

Detail výsledku týmu

Kavárna v parku, Svitavy

Datum a čas kvízu

37 Celkem bodů Celkový počet nahraných bodů na tomto kvízu bez doplňovacích otázek.
2. Pořadí na kvízu Konečné umístění týmu na tomto kvízu.

Zaznamenané odpovědi

# Otázka Odpověď Body Výsledky
1. Který z bývalých premiérů Česk... Jiří Paroubek 1
2. Americké úřady obvinily inžený... sendvič 0
3. Minulý čtvrtek měl v českých k... Duna 1
4. Firma Apple opět vzbudila pozo... Čisticí hadřík. 0
5. Minulý týden začal nový ročník... Vít Krejčí 0
6. Toto téma začneme manželkami k... 1D 2B 3C 4A 1
7. Přesuneme se ke Králi popu. Ja... The Jackson 5 1
8. Kterému sportu se profesionáln... Tenisu. 0
9. Mnoho deskových her využívá kr... Shogi 1
10. V roce 2021 streamovací platfo... Král Šamanů (Shaman King) 1